丝路五道全史,逐浪到天涯:瓷器、茶叶、香料,海上丝路启航,蓝色尽头是财富与荣耀 (Record no. 322886)

000 -LEADER
fixed length control field 00437 a2200145 4500
020 ## - ISBN
ISBN 9786264168649
082 ## - 索书号 Call Number
分类号Classification number 630.9
作者号 Author number 6360 v.02
100 ## - 作者
作者 杨富学 等著
245 ## - 书名 TITLE
书名Title 丝路五道全史,逐浪到天涯:瓷器、茶叶、香料,海上丝路启航,蓝色尽头是财富与荣耀
250 ## - 版本 EDITION STATEMENT
版本叙述 Edition statement 初版;平装
260 ## - 出版项PUBLICATION, DISTRIBUTION, ETC. (IMPRINT)
出版社 Name of publisher 崧烨文化
出版日期 Date of publication 2025
出版地 Place of publication 台北市
300 ## - 稽核项 PHYSICAL DESCRIPTION
页数 Number of Pages 392页
尺寸 Dimensions 23公分
500 ## - 一般附注 GENERAL NOTE
附注 General note
942 ## - ADDED ENTRY ELEMENTS (KOHA)
Koha item type Books
Holdings
Source of classification or shelving scheme Not for loan Permanent Location Current Location Shelving location Date acquired Source of acquisition Cost, normal purchase price Full call number Barcode Cost, replacement price Koha item type
    LIBRARY CHUNG HWA HIGH SCHOOL MUAR LIBRARY CHUNG HWA HIGH SCHOOL MUAR 6 中国史地(二楼 I) 2026-03-25 84.80 630.9 6360 v.02 050309 169.60 Books

Powered by Koha